50 random Biggest World Cities within 250 Km with Map - Statistics

General Stats
  • This quiz has been taken 1,675 times
  • The average score is 19 of 50
Answers on the Map
Answers color-coded by a green-red scale on the quiz's map according to % correct below.
 
Answer Stats
City % Correct
Caracas
100%
Dubai
100%
Los Angeles
100%
Mexico City
100%
New York
100%
Sofia
100%
Sydney
100%
Tripoli
100%
Dakar
94%
Helsinki
94%
Paris
94%
Athens
93%
Madrid
93%
Riyadh
93%
Buenos Aires
92%
Glasgow
92%
Istanbul
92%
Lima
92%
Phoenix
92%
Chicago
91%
Guatemala City
91%
Honolulu
91%
Lusaka
91%
Mogadishu
91%
Rio de Janeiro
91%
Sydney
91%
Porto
90%
Adelaide
89%
Antananarivo
89%
Atlanta
89%
Brasília
89%
Dallas
89%
Kuwait City
89%
Sana'a
89%
Sapporo
89%
Tehran
89%
Tokyo
89%
Baghdad
88%
Berlin
88%
Cape Town
88%
Hamburg
88%
Kampala
88%
Nassau
88%
Santo Domingo
88%
Shanghai
88%
Anchorage
87%
Saint Petersburg
87%
Algiers
86%
Lagos
86%
Seattle
86%
Taipei
86%
Jakarta
85%
Kano
85%
Naples
85%
Tunis
85%
Budapest
84%
Moscow
84%
Lisbon
83%
Nouakchott
83%
Seville
83%
London
82%
Oslo
82%
Palermo
82%
Port Louis
82%
San Antonio
82%
Santiago
82%
Copenhagen
81%
Lyon
81%
Minneapolis
81%
Abidjan
80%
Boston
80%
Cairo
80%
Calgary
80%
Dar es Salaam
80%
Darwin
80%
Milan
80%
Montréal
80%
Paramaribo
80%
Saratov
80%
The Ruhr
80%
Ulaanbaatar
80%
Valencia
80%
Washington
80%
Bangkok
79%
La Paz
79%
Nuuk
79%
San Francisco
79%
Asunción
78%
Guangzhou
78%
Ho Chi Minh City
78%
Houston
78%
Luanda
78%
Reykjavik
78%
Bogotá
77%
Brisbane
77%
Havana
77%
Karachi
77%
Melbourne
77%
Oklahoma City
77%
San José
77%
São Paulo
77%
Seoul
77%
Stockholm
77%
Warsaw
77%
Dhaka
76%
Hanoi
76%
Lilongwe
76%
Nizhny Novgorod
76%
Bordeaux
75%
Chennai
75%
Cincinnati
75%
Denver
75%
Honiara
75%
Kigali
75%
Managua
75%
Mandalay
75%
Miami
75%
Nashville
75%
Novosibirsk
75%
Beijing
74%
Casablanca
74%
Damascus
74%
Albuquerque
73%
Billings
73%
Fortaleza
73%
Hobart
73%
Katowice
73%
Khartoum
73%
Las Vegas
73%
Praia
73%
Niamey
72%
Bamako
71%
Barranquilla
71%
Conakry
71%
Hyderabad
71%
Johannesburg
71%
Kabul
71%
Kinshasa
71%
Maputo
71%
Memphis
71%
Minsk
71%
Mumbai
71%
Porto Alegre
71%
Quito
71%
Salt Lake City
71%
San Juan
71%
Toronto
71%
Tromso
71%
Detroit
70%
Osaka
70%
Port Elizabeth
70%
Accra
69%
Barcelona
69%
Cancun
69%
Colombo
69%
Edmonton
69%
Jeddah
69%
Manila
69%
Sevastopol
69%
New Orleans
68%
Ankara
67%
Baku
67%
Belgrade
67%
Cali
67%
Christchurch
67%
Male
67%
Mérida
67%
Ndjamena
67%
Odessa
67%
Perth
67%
Port-au-Prince
67%
Prague
67%
Riga
67%
Singapore
67%
Tampa
67%
Windhoek
67%
Yerevan
67%
Belo Horizonte
65%
Bloemfontein
65%
Ouagadougou
65%
Ciudad Juárez
64%
Davao
64%
Dili
64%
Halifax
64%
Nairobi
64%
Sioux Falls
64%
Zagreb
64%
Harare
63%
Maracaibo
63%
Muscat
63%
Volgograd
63%
Alice Springs
62%
Bucharest
62%
George Town
62%
Guayaquil
62%
Juneau
62%
Panama City
62%
Rosario
62%
Saint Louis
62%
Abuja
60%
Guadalajara
60%
Kharkiv
60%
Kota Kinabalu
60%
Marseille
60%
Tashkent
60%
Auckland
59%
Surabaya
59%
Campo Grande
58%
Charlotte
58%
Isfahan
58%
Kathmandu
58%
Lubumbashi
58%
Murmansk
58%
Salvador
58%
Wellington
58%
Bangalore
57%
Bangui
57%
Belém
57%
Bergen
57%
Cluj-Napoca
57%
Djibouti
57%
Dunedin
57%
Libreville
57%
Ürümqi
57%
Xiamen
57%
Aleppo
56%
Bissau
56%
L'viv
56%
Manaus
56%
Recife
56%
Addis Ababa
55%
Apia
55%
Delhi
55%
Georgetown
55%
Kansas City
55%
Kingston
55%
Sao Tome
55%
Ahmedabad
54%
Donetsk
54%
Mombasa
54%
Oran
54%
Wuhan
54%
Curitiba
53%
Heraklion
53%
Punta Arenas
53%
Thunder Bay
53%
Benghazi
50%
Cebu
50%
Chongqing
50%
Córdoba
50%
Durban
50%
Harbin
50%
Hilo
50%
Indore
50%
Izmir
50%
Kiev
50%
Kolkata
50%
Kunming
50%
Monterrey
50%
Port Moresby
50%
Saint John's
50%
Samara
50%
Santa Cruz
50%
Victoria
50%
Yangon
50%
Almaty
47%
Busan
47%
Chengdu
47%
Fairbanks
47%
Kazan
47%
Luxor
47%
Nagpur
47%
Natal
47%
Noumea
47%
Port Sudan
47%
Agadir
46%
Juba
46%
Cagliari
45%
Las Palmas de Gran Canaria
45%
Arequipa
44%
Douala
44%
Kaohsiung
44%
Nantes
44%
Nuku'alofa
44%
Oulu
44%
Sendai
44%
Denpasar
43%
Shenyang
43%
Dammam
42%
Da Nang
42%
Lahore
42%
Mosul
42%
Fargo
41%
Omsk
41%
Yakutsk
41%
Beira
40%
Kuala Lumpur
40%
Medina
40%
Monrovia
40%
Naha
40%
Spokane
40%
Trondheim
40%
Winnipeg
40%
Xi'an
40%
Boise
39%
Ushuaia
39%
Saskatoon
38%
Suva
38%
Ufa
38%
Chihuahua
36%
Funchal
36%
Irkutsk
36%
Lhasa
36%
Perm
36%
São Luís
36%
Torshavn
36%
Upington
36%
Yekaterinburg
36%
George Town
35%
Iquitos
35%
Arkhangel'sk
33%
Astrakhan'
33%
Bucaramanga
33%
Geraldton
33%
Haikou
33%
Huambo
33%
Mashhad
33%
Pucallpa
33%
Shiraz
33%
Terrace
33%
Bhubaneswar
31%
Changsha
31%
George
31%
Jayapura
31%
Kuching
31%
Luganville
31%
Neuquen
31%
Quelimane
31%
Townsville
31%
Asmara
30%
Krasnoyarsk
30%
Labrador City
30%
Port Harcourt
30%
Antofagasta
29%
Chetumal
29%
Ciudad Guayana
29%
Kisangani
29%
Lanzhou
29%
Lubbock
29%
Majuro
29%
Makassar
29%
Pointe-Noire
29%
Quetta
29%
Tabriz
29%
Whitehorse
29%
Bouake
27%
Chiang Mai
27%
Greater Sudbury
27%
Kalgoorlie
27%
Lerwick
27%
Mbuji-Mayi
27%
Nanning
27%
Porto Velho
27%
Salalah
27%
Semarang
27%
Vorkuta
27%
Cusco
26%
Coihaique
25%
Lae
25%
Petropavlovsk-Kamchatsky
25%
Resistencia
25%
Bobo-Dioulasso
24%
Ponta Delgada
24%
San Miguel de Tucuman
24%
Yellowknife
24%
Bridgetown
23%
Broken Hill
23%
Ciudad del Este
23%
Cuiaba
23%
Dushanbe
23%
Faaa
23%
Petrozavodsk
23%
Shreveport
23%
Umea
23%
Bodo
22%
Missoula
22%
Mwanza
22%
Omaha
22%
Prince George
22%
Trujillo
22%
Balikpapan
21%
Magadan
21%
Guwahati
20%
Medan
20%
Port Blair
20%
Puerto Montt
20%
Samsun
20%
Tarawa
20%
Surgut
19%
Cayenne
18%
Londrina
18%
Mbandaka
18%
Mirny
18%
Port Hedland
18%
Saipan
18%
Ambon
17%
Anadyr
17%
Banjarmasin
17%
Baotou
17%
Boa Vista
17%
Culiacan
17%
Gao
17%
Guiyang
17%
Jodhpur
17%
Macapa
17%
Makhachkala
17%
Nampula
17%
Rapid City
17%
Timbuktu
17%
Trelew
17%
Trinidad
17%
Cairns
15%
Sorong
15%
Tyumen
15%
Yazd
15%
Zhengzhou
15%
Banda Aceh
14%
Kankan
14%
Karagandy
14%
Khabarovsk
14%
Komsomolsk-on-Amur
14%
Lucknow
14%
Mbeya
14%
Palu
14%
Rio Branco
14%
Tambacounda
14%
Ternate
14%
Uberlandia
14%
Walvis Bay
14%
Bahir Dar
13%
Bulawayo
13%
Bundaberg
13%
Comodoro Rivadavia
13%
Franceville
13%
Kupang
13%
Livingstone
13%
Myitkyina
13%
Palembang
13%
Port Vila
13%
Qingdao
13%
Santa Maria
13%
Tabuk
13%
Tarija
13%
Wau
13%
Yuzhno-Sakhalinsk
13%
Yinchuan
12%
Birjand
11%
Diyarbakir
11%
Herat
11%
Isiro
11%
Kirov
11%
Kyzylorda
11%
San Andres
11%
Sault Ste. Marie
11%
Taiyuan
11%
Teresina
11%
Thompson
11%
Tuxtla Gutierrez
11%
Voronezh
11%
Wenzhou
11%
Zamboanga
11%
Abakan
10%
Bahia Blanca
10%
Mar del Plata
10%
Palmas
10%
Ukhta
10%
Chita
9%
Garoua
9%
Mount Isa
9%
Oshakati
9%
Saurimo
9%
Weno Town
9%
Broome
8%
Grand Junction
8%
Hami
8%
Hermosillo
8%
Hotan
8%
Hubli
8%
Ji Parana
8%
Kassala
8%
Kelowna
8%
Leticia
8%
Manokwari
8%
Mopti
8%
Orenburg
8%
Puerto Princesa
8%
Santarem
8%
Sokoto
8%
Vilhena
8%
Agadez
7%
Al Jawf
7%
Atyrau
7%
Avarua
7%
Coquimbo
7%
Jiayuguan
7%
Kuybyshev
7%
Lubango
7%
Mersa Matruh
7%
Myeik
7%
Mzuzu
7%
Novyy Urengoy
7%
Petropavlov
7%
Sabha
7%
Severobaikalsk
7%
Surat Thani
7%
Tabora
7%
Tamale
7%
Tamanrasset
7%
Tobruk
7%
Torreón
7%
Zahedan
7%
Dakhla
6%
El Obeid
6%
Grande Prairie
6%
Hayil
6%
Kerman
6%
Kismayo
6%
Maun
6%
Menongue
6%
Sinop
6%
Sukkur
6%
Syktyvkar
6%
Toliara
6%
Vitória
6%
Aktau
5%
Malakal
5%
Albany
0%
Al Mukalla
0%
Alotau
0%
Altamira
0%
Altay
0%
Ambovombe
0%
Am Timan
0%
Antsiranana
0%
'Ar'ar
0%
Arawa
0%
Arkalyk
0%
As Sulayyil
0%
Atar
0%
Atbara
0%
Ayagoz
0%
Aykhal
0%
Balkanabat
0%
Balqash
0%
Barreiras
0%
Baruun-Urt
0%
Bechar
0%
Bengkulu
0%
Bertoua
0%
Birao
0%
Bismarck
0%
Bodaybo
0%
Boende
0%
Bosaso
0%
Bratsk
0%
Bumba
0%
Buraydah
0%
Buta
0%
Camaguey
0%
Carauari
0%
Chegdomyn
0%
Coari
0%
Copiapo
0%
Corner Brook
0%
Corumba
0%
Dalian
0%
Daru
0%
Dese
0%
Djougou
0%
Ebaye
0%
Eirunepe
0%
El Daein
0%
El Fasher
0%
Fada
0%
Faya-Largeau
0%
Fort McMurray
0%
Fuvahmulah
0%
Gaalkacyo
0%
Gambela
0%
Garissa
0%
Geneina
0%
Ghat
0%
Grootfontein
0%
Hailar
0%
Hegang
0%
Hovd
0%
Imperatriz
0%
In Salah
0%
Iranshahr
0%
Irece
0%
Jatai
0%
Jinan
0%
Juazeiro do Norte
0%
Kaedi
0%
Kaga Bandoro
0%
Kahriz
0%
Kasama
0%
Kashi
0%
Kavaratti
0%
Kavieng
0%
Kayes
0%
Keetmanshoop
0%
Kendari
0%
Khamis Mushait
0%
Khovd
0%
Kidal
0%
Kikwit
0%
Kimbe
0%
Kindu
0%
Kiunga
0%
Klyuchi
0%
Kokopo
0%
Koror State
0%
Kostanay
0%
Kosti
0%
Kyzyl
0%
Labuhanbajo
0%
Lijiang
0%
Lodja
0%
Luderitz
0%
Mackay
0%
Mahajanga
0%
Mamoudzou
0%
Manado
0%
Manicore
0%
Mazar-e Sharif
0%
Mildura
0%
Mindelo
0%
Miri
0%
Mogocha
0%
Mongu
0%
Montes Claros
0%
Mörön
0%
Morondava
0%
Moundou
0%
Mount Hagen
0%
Mtwara
0%
Mudanjiang
0%
Nabire
0%
Nanchang
0%
Nar'yan-Mar
0%
Nema
0%
Neryungri
0%
Nha Trang
0%
Nikolayevsk-on-Amur
0%
Noril'sk
0%
Nouadhibou
0%
Nukus
0%
Pavlodar
0%
Pekanbaru
0%
Petrolina
0%
Qamdo
0%
Rundu
0%
Sagh
0%
Santa Rosa
0%
Sao Felix do Xingu
0%
Sao Gabriel da Cachoeira
0%
Sayibage
0%
Saynshand
0%
Shiliguri
0%
Sovetskaya Gavan'
0%
Talcahuano
0%
Tambopata
0%
Timimoun
0%
Tual
0%
Turbat
0%
Udon Thani
0%
Uliastay
0%
Ust-Kamenogorsk
0%
Vishakhapatnam
0%
Vitoria da Conquista
0%
Wewak
0%
Xiangyang
0%
Xilin Hot
0%
Xuzhou
0%
Yaroslavl
0%
Yingbazha
0%
Zhezqazghan
0%
Zouerat
0%
No matching quizzes found
Score Distribution
Percent of People with Each Score
Percentile by Number Answered
Your Score History
You have not taken this quiz